000
00316nam a22001337a 4500
008
190305b xxu||||| |||| 00| 0 eng d
020
_a
9781416042242
041
_a
eng
080
_2
6th
_a
610
100
_a
4
101
_a
SHM
245
_a
Creasy & Resnik's Maternal-Fetal Medicine
_c
Creasy, R.K
942
_2
udc
_c
BK
999
_c
54553
_d
54553